000
00278nam a22001217a 4500
008
171207b xxu||||| |||| 00| 0 eng d
041
_a
eng
080
_a
616.8
100
_a
26
101
_a
NEU
245
_a
THE NERVOUS SYSTEM AND ITS DISEASES
_c
MILLS,CH,K
942
_2
udc
_c
BK
999
_c
38823
_d
38823